Where Is That 'C' City? Quiz Stats

 Plays Quiz Updated Jun 15, 2017

Support Sporcle.
Go Orange.
Score 0/20 Timer 04:00
1 Play Today
Question Answer Wrong Answers
Cape Town South Africa
95.7%
Australia
0.8%
Bahamas
0.4%
Cabo Verde
0.4%
Chihuahua Mexico
91%
United States
1%
Guatemala
4.8%
Germany
0.4%
Coventry United Kingdom
90.7%
Spain
2.1%
Monaco
1.9%
Malta
2.4%
Casablanca Morocco
90.1%
United States
0.7%
France
1.1%
Spain
5.3%
Calgary Canada
90%
Italy
2.9%
France
2%
United Kingdom
2.2%
Christchurch New Zealand
88.3%
Australia
3.7%
Vatican City
4.1%
Samoa
1.1%
Calais France
86.4%
Belgium
4.3%
Andorra
3.5%
Liechtenstein
2.7%
Cork Ireland
85.1%
United Kingdom
7.2%
New Zealand
2.8%
Australia
2.1%
Cairns Australia
81.6%
Papua New Guinea
6.9%
Dominica
4%
Kiribati
4.2%
Cagliari Italy
80.4%
Greece
5.4%
Malta
5.6%
Spain
5.4%
Chittagong Bangladesh
72.5%
China
13.4%
Ethiopia
9.5%
Russia
1.4%
Colombo Sri Lanka
68.3%
Colombia
18.6%
United States
5.8%
Tuvalu
4.4%
Chongjin North Korea
67.1%
Japan
16.8%
Kazakhstan
3.3%
Indonesia
9.6%
Córdoba Argentina
65.5%
Portugal
26.3%
Guinea
2.5%
Guinea-Bissau
2.6%
Chelyabinsk Russia
56.9%
Belarus
29.6%
Latvia
6.4%
Finland
3.8%
Cochabamba Bolivia
55.2%
Brunei
8.4%
Portugal
9.2%
Cuba
23.9%
Chiang Mai Thailand
45.8%
Taiwan
12.1%
China
32.9%
Myanmar
6.4%
Cluj-Napoca Romania
44%
Hungary
9.5%
Slovenia
16.5%
Bosnia and Herzegovina
26.6%
Campo Grande Brazil
38.6%
Colombia
27.5%
Mexico
24.8%
Angola
5.8%
Copiapó Chile
25.7%
Peru
30%
Bolivia
23.2%
Uruguay
17.7%

You're not logged in!

Compare scores with friends on all Sporcle quizzes.
OR
Log In
Forgot?

From the Vault

Wild Cats of the World

by Dirk

Dear Internet: we filled a quiz with cat pictures just for you. You're welcome.
Remove Ads.
Support Sporcle.
Get the best of Sporcle when you Go Orange. This ad-free experience offers more features, more stats, and more fun while also helping to support Sporcle. Thank you for becoming a member.

Show Comments

Extras

Top Quizzes Today


Score Distribution

Your Account Isn't Verified!

In order to create a playlist on Sporcle, you need to verify the email address you used during registration. Go to your Sporcle Settings to finish the process.

Report this User

Report this user for behavior that violates our Community Guidelines.

Details: